000 00612nam a2200193 4500
999 _c164039
_d164039
005 20190508174840.0
010 _aENG-125145
020 _a9789380036984
_c600.00
035 _aEN-108677
037 _bDBAD/PUB
082 _a954.03
100 _aMukhopadhyay, Subodh Kumar
245 _aAn advanced history of modern India :
_bfrom bondage to freedom and after 1818-2000CE
_cby Subodh Kumar Mukhopadhaya
260 _aKolkata
_bMitram
_c2018
270 _a 37, College Street
_bKolkata
_e700073
300 _a792p.
_c22cm(pbk)
500 _aIncludes index
942 _2ddc
_cEN
_h954.03
_mMUK